000 00192nam a22000857a 4500
008 161125b xxu||||| |||| 00| 0 eng d
100 _91421
_aTCRS
245 _aNumbers-1-2
260 _aUSA
_bTCR
_c2011
999 _c4139
_d4139